<?xml version="1.0" encoding="UTF-8"?>
<record
    xmlns:xsi="http://www.w3.org/2001/XMLSchema-instance"
    xsi:schemaLocation="http://www.loc.gov/MARC21/slim http://www.loc.gov/standards/marcxml/schema/MARC21slim.xsd"
    xmlns="http://www.loc.gov/MARC21/slim">

  <leader>02355nam a2200613Ia 4500</leader>
  <controlfield tag="001">014300014301</controlfield>
  <controlfield tag="008">221003m2001    xx            000 0 spa d</controlfield>
  <datafield tag="035" ind1=" " ind2=" ">
    <subfield code="a">CENDO_9016</subfield>
  </datafield>
  <datafield tag="041" ind1=" " ind2=" ">
    <subfield code="a">spa</subfield>
  </datafield>
  <datafield tag="110" ind1=" " ind2=" ">
    <subfield code="a">CCOO</subfield>
    <subfield code="b">Confederaci&#xF3;n Sindical</subfield>
    <subfield code="b">Secretar&#xED;a de la Mujer</subfield>
    <subfield code="c">Secretar&#xED;a de la Mujer</subfield>
    <subfield code="9">22055</subfield>
  </datafield>
  <datafield tag="245" ind1=" " ind2="0">
    <subfield code="a">Informe Proyecto OPTIMA :</subfield>
    <subfield code="b">una nueva gesti&#xF3;n de los recursos humanos : enero 1998-febrero 2000</subfield>
  </datafield>
  <datafield tag="260" ind1=" " ind2=" ">
    <subfield code="a">[S.l. :</subfield>
    <subfield code="b">s.n.],</subfield>
    <subfield code="c">2001</subfield>
  </datafield>
  <datafield tag="300" ind1=" " ind2=" ">
    <subfield code="a">2 vol. (p&#xE1;g. var.)  ;</subfield>
    <subfield code="c"> 30 cm</subfield>
  </datafield>
  <datafield tag="500" ind1=" " ind2=" ">
    <subfield code="a">Contiene : V. 1. Empresas Auton&#xF3;micas . - V. 2. Empresas Estatales</subfield>
  </datafield>
  <datafield tag="650" ind1=" " ind2=" ">
    <subfield code="a">MUJERES</subfield>
    <subfield code="9">199</subfield>
  </datafield>
  <datafield tag="650" ind1=" " ind2="0">
    <subfield code="a">IGUALDAD DE OPORTUNIDADES</subfield>
    <subfield code="9">590</subfield>
  </datafield>
  <datafield tag="650" ind1=" " ind2=" ">
    <subfield code="a">PLAN DE ACCION</subfield>
    <subfield code="9">1075</subfield>
  </datafield>
  <datafield tag="650" ind1=" " ind2=" ">
    <subfield code="a">PROCESO AFIRMATIVO</subfield>
    <subfield code="9">5782</subfield>
  </datafield>
  <datafield tag="650" ind1=" " ind2=" ">
    <subfield code="a">ESTRATEGIA DE GESTION</subfield>
    <subfield code="9">5425</subfield>
  </datafield>
  <datafield tag="650" ind1=" " ind2=" ">
    <subfield code="a">RECURSOS HUMANOS</subfield>
    <subfield code="9">29</subfield>
  </datafield>
  <datafield tag="650" ind1=" " ind2=" ">
    <subfield code="a">INFORME DE PROYECTO</subfield>
    <subfield code="9">8917</subfield>
  </datafield>
  <datafield tag="650" ind1=" " ind2=" ">
    <subfield code="a">OPTIMA</subfield>
    <subfield code="9">2109</subfield>
  </datafield>
  <datafield tag="710" ind1=" " ind2=" ">
    <subfield code="a">GRUPO NORTE</subfield>
    <subfield code="c">Valladolid</subfield>
    <subfield code="9">9180</subfield>
  </datafield>
  <datafield tag="710" ind1=" " ind2=" ">
    <subfield code="a">&lt;EL&gt; CASERIO</subfield>
    <subfield code="9">9182</subfield>
  </datafield>
  <datafield tag="710" ind1=" " ind2=" ">
    <subfield code="a">HENANDEZ ZAMORA</subfield>
    <subfield code="c">Murcia</subfield>
    <subfield code="9">9183</subfield>
  </datafield>
  <datafield tag="710" ind1=" " ind2=" ">
    <subfield code="a">CALVO ESTEIRO</subfield>
    <subfield code="9">9184</subfield>
  </datafield>
  <datafield tag="710" ind1=" " ind2=" ">
    <subfield code="a">BANCO ZARAGOZANO</subfield>
    <subfield code="c">Madrid</subfield>
    <subfield code="9">9185</subfield>
  </datafield>
  <datafield tag="710" ind1=" " ind2=" ">
    <subfield code="a">CAJA DE AHORROS DEL MEDITERRANEO</subfield>
    <subfield code="c">Alicante</subfield>
    <subfield code="9">9186</subfield>
  </datafield>
  <datafield tag="710" ind1=" " ind2=" ">
    <subfield code="a">RADIO TELEVISION VALENCIANA</subfield>
    <subfield code="b">Canal 9</subfield>
    <subfield code="9">9187</subfield>
  </datafield>
  <datafield tag="710" ind1=" " ind2=" ">
    <subfield code="a">HOGAR DEL EMPLEADO</subfield>
    <subfield code="c">Madrid</subfield>
    <subfield code="9">9188</subfield>
  </datafield>
  <datafield tag="710" ind1=" " ind2=" ">
    <subfield code="a">HOTEL GRAN TINERFE</subfield>
    <subfield code="c">Tenerife</subfield>
    <subfield code="9">9189</subfield>
  </datafield>
  <datafield tag="710" ind1=" " ind2=" ">
    <subfield code="a">VANYERA</subfield>
    <subfield code="c">Las Palmas de Gran Canaria</subfield>
    <subfield code="9">9190</subfield>
  </datafield>
  <datafield tag="710" ind1=" " ind2=" ">
    <subfield code="a">VIRIATO</subfield>
    <subfield code="c">A Coru&#xF1;a</subfield>
    <subfield code="9">9191</subfield>
  </datafield>
  <datafield tag="710" ind1=" " ind2=" ">
    <subfield code="a">FABRICA DE LOZA SAN CLAUDIO</subfield>
    <subfield code="c">Oviedo</subfield>
    <subfield code="9">9192</subfield>
  </datafield>
  <datafield tag="710" ind1=" " ind2=" ">
    <subfield code="a">LUCENT TECHNOLOGIES</subfield>
    <subfield code="c">Madrid</subfield>
    <subfield code="9">9193</subfield>
  </datafield>
  <datafield tag="710" ind1=" " ind2=" ">
    <subfield code="a">DELPHI COLVEGASA</subfield>
    <subfield code="9">9194</subfield>
  </datafield>
  <datafield tag="710" ind1=" " ind2=" ">
    <subfield code="a">KRAFT JACOBS SUCHARD IBERIA</subfield>
    <subfield code="c">Madrid</subfield>
    <subfield code="9">9195</subfield>
  </datafield>
  <datafield tag="710" ind1=" " ind2=" ">
    <subfield code="a">ADECCO</subfield>
    <subfield code="c">Madrid</subfield>
    <subfield code="9">9196</subfield>
  </datafield>
  <datafield tag="710" ind1=" " ind2=" ">
    <subfield code="a">RADIO POPULAR COPE</subfield>
    <subfield code="c">Madrid</subfield>
    <subfield code="9">9197</subfield>
  </datafield>
  <datafield tag="710" ind1=" " ind2=" ">
    <subfield code="a">HERTZ ESPA&#xD1;A</subfield>
    <subfield code="c">Madrid</subfield>
    <subfield code="9">9198</subfield>
  </datafield>
  <datafield tag="710" ind1=" " ind2=" ">
    <subfield code="a">FERROCARRILES DE VIA ESTRECHA</subfield>
    <subfield code="c">Madrid</subfield>
    <subfield code="9">9199</subfield>
  </datafield>
  <datafield tag="710" ind1=" " ind2=" ">
    <subfield code="a">GENERAL ELECTRIC</subfield>
    <subfield code="b">Power Controls Ib&#xE9;rica</subfield>
    <subfield code="c">Madrid</subfield>
    <subfield code="9">9200</subfield>
  </datafield>
  <datafield tag="710" ind1=" " ind2=" ">
    <subfield code="a">AKI BRICOLAGE</subfield>
    <subfield code="c">Barcelona</subfield>
    <subfield code="9">9178</subfield>
  </datafield>
  <datafield tag="710" ind1=" " ind2=" ">
    <subfield code="a">COMUNIDADES EUROPEAS</subfield>
    <subfield code="b">Iniciativa NOW</subfield>
    <subfield code="b">Programa OPTIMA</subfield>
    <subfield code="9">2114</subfield>
  </datafield>
  <datafield tag="856" ind1=" " ind2=" ">
    <subfield code="z">PDF1</subfield>
    <subfield code="u">http://docpublicos.ccoo.es/cendoc/014300InformeProyectoOptimaEmpresasAutonomicas2000.pdf</subfield>
  </datafield>
  <datafield tag="856" ind1=" " ind2=" ">
    <subfield code="z">PDF2</subfield>
    <subfield code="u">http://docpublicos.ccoo.es/cendoc/014301InformeProyectoOptima2000.pdf</subfield>
  </datafield>
  <datafield tag="901" ind1=" " ind2=" ">
    <subfield code="a">2</subfield>
  </datafield>
  <datafield tag="903" ind1=" " ind2=" ">
    <subfield code="a">NO</subfield>
  </datafield>
  <datafield tag="904" ind1=" " ind2=" ">
    <subfield code="a">000</subfield>
  </datafield>
  <datafield tag="953" ind1=" " ind2=" ">
    <subfield code="d">2001-04-23</subfield>
    <subfield code="y">DOCU_ELEC</subfield>
  </datafield>
  <datafield tag="999" ind1=" " ind2=" ">
    <subfield code="c">9015</subfield>
    <subfield code="d">9015</subfield>
  </datafield>
  <datafield tag="910" ind1=" " ind2=" ">
    <subfield code="a">2001</subfield>
  </datafield>
  <datafield tag="942" ind1=" " ind2=" ">
    <subfield code="c">DOCU_ELEC</subfield>
  </datafield>
  <datafield tag="952" ind1=" " ind2=" ">
    <subfield code="0">0</subfield>
    <subfield code="1">0</subfield>
    <subfield code="4">0</subfield>
    <subfield code="7">0</subfield>
    <subfield code="a">CENDO</subfield>
    <subfield code="b">CENDO</subfield>
    <subfield code="d">2001-04-23</subfield>
    <subfield code="i">14300</subfield>
    <subfield code="l">0</subfield>
    <subfield code="p">CENDO_56400</subfield>
    <subfield code="r">2023-02-27 00:00:00</subfield>
    <subfield code="w">2023-02-27</subfield>
    <subfield code="y">DOCU_ELEC</subfield>
  </datafield>
  <datafield tag="952" ind1=" " ind2=" ">
    <subfield code="0">0</subfield>
    <subfield code="1">0</subfield>
    <subfield code="4">0</subfield>
    <subfield code="7">0</subfield>
    <subfield code="a">CENDO</subfield>
    <subfield code="b">CENDO</subfield>
    <subfield code="d">2001-04-23</subfield>
    <subfield code="i">14301</subfield>
    <subfield code="l">0</subfield>
    <subfield code="p">CENDO_56401</subfield>
    <subfield code="r">2023-02-27 00:00:00</subfield>
    <subfield code="w">2023-02-27</subfield>
    <subfield code="y">DOCU_ELEC</subfield>
  </datafield>
</record>
